| 000 | 00461ntaaa2200181 4500 | ||
|---|---|---|---|
| 003 | 01 | ||
| 005 | 20251027201559.0 | ||
| 008 | 0714s1973 ag 01 | ||
| 040 |
_aAR-BaBN _bspa _cAR-BaBN _eaacr _dRIC |
||
| 082 | _a230.0000 M13 | ||
| 100 |
_aMachen, J. Gresham _913522 |
||
| 245 | _aChristianity and Liberalism | ||
| 250 |
_a1 ed. : _bWm. B. Eerdmans, _cc/923 |
||
| 300 | _a189 p. | ||
| 650 | _aTeología | ||
| 650 |
_aLiberalismo-Teología _914465 |
||
| 942 | _cBK | ||
| 999 |
_c10424 _d10424 |
||